|
|
|
|
| LEADER |
00000nab a2200000 a 4500 |
| 001 |
vtls009005945 |
| 003 |
SK-MaSNL |
| 005 |
20260303065717.0 |
| 008 |
140617c2007 xo sr|p|||||||000 b|slo |
| 015 |
|
|
|a SNBRB2007/07
|2 snkbucl
|
| 038 |
|
|
|a SNKBUCL
|
| 040 |
|
|
|a SNKBUCL
|b slo
|c SNKBUCL
|e AACR2
|
| 041 |
0 |
|
|a slo
|
| 044 |
|
|
|a xo
|c SK
|
| 080 |
|
|
|a 614.842.8
|x (437.6)
|2 1997
|
| 080 |
|
|
|a 061.25
|2 1997
|
| 080 |
|
|
|a 061.3
|2 1997
|
| 100 |
1 |
|
|a Záležáková, Magdaléna
|4 aut
|9 839873
|
| 245 |
1 |
0 |
|a Zasadala Republiková komisia pre tlač a masmédiá DPO
|c Magdaléna Záležáková
|
| 610 |
2 |
7 |
|a Dobrovoľná požiarna ochrana Slovenskej republiky.
|b Republiková komisia pre tlač a masmédiá
|2 snkbucl
|9 1034954
|
| 648 |
|
7 |
|a 27.9.2005
|2 snkbucl
|9 534618
|
| 650 |
0 |
7 |
|a zasadanie
|2 snkbucl
|9 280253
|
| 773 |
0 |
|
|t Požiarnik
|g Roč. LXXXIV, č. 7 (2007), s. 4
|x 0231-617X
|
| 852 |
|
|
|a SNK
|b KIS3GCP
|
| 958 |
|
|
|a csnk11
|
| 958 |
|
|
|a csnk11/07
|
| 999 |
|
|
|c 1752317
|d 1754247
|